Statistics for Cocos (Keeling) Islands Quiz

Click here to take the quiz!

General Stats

  • This quiz has been taken 5 times
  • The average score is 4 of 15

Answer Stats

QuestionAnswer% Correct
Secondary LanguageEnglish
75%
Most practiced religion on the islandsIslam
75%
Number of islets it has24
50%
Official Language. Hint: Its the official language of one other countryMalay
50%
What country it "belonged" to before handed to AustraliaSingapore
50%
The islands are midway between Australia and what other South Asian island nationSri Lanka
50%
Capital of Cocos IslandWest Island
25%
Year it was incorporated as a British colony1857
0%
Largest settlement other than the capitalBantam
0%
Type of fruit that is the major source of the economyCoconuts
0%
The islands were actually the site of battle in which warGreat War
0%
Administrator of the islandNatasha Griggs
0%
Major resource of the islandsOil
0%
Malay name for the islandsPulu Kokos
0%
First person to discover the islands. Hint: His surname is also one of the other names of the islandsWilliam Keeling
0%

Score Distribution

Percentile by Number Answered

Percent of People with Each Score

Your Score History

You have not taken this quiz